<?xml version="1.0" encoding="UTF-8"?>
<record
    xmlns:xsi="http://www.w3.org/2001/XMLSchema-instance"
    xsi:schemaLocation="http://www.loc.gov/MARC21/slim http://www.loc.gov/standards/marcxml/schema/MARC21slim.xsd"
    xmlns="http://www.loc.gov/MARC21/slim">

  <leader>02139nam a22003257a 4500</leader>
  <controlfield tag="001">4475</controlfield>
  <controlfield tag="003">FISKH</controlfield>
  <controlfield tag="005">20240911161547.0</controlfield>
  <controlfield tag="008">240911b        cb ||||| |||| 00| 0 eng d</controlfield>
  <datafield tag="020" ind1=" " ind2=" ">
    <subfield code="a">9789995088859</subfield>
  </datafield>
  <datafield tag="040" ind1=" " ind2=" ">
    <subfield code="a">FISKH</subfield>
    <subfield code="b">Bilingual </subfield>
    <subfield code="c">FISKH</subfield>
    <subfield code="d">FISKH</subfield>
  </datafield>
  <datafield tag="050" ind1=" " ind2=" ">
    <subfield code="a">PZ7</subfield>
  </datafield>
  <datafield tag="082" ind1=" " ind2=" ">
    <subfield code="a">900</subfield>
  </datafield>
  <datafield tag="100" ind1=" " ind2=" ">
    <subfield code="a">Sotheary, Kimsun</subfield>
    <subfield code="e">Editor </subfield>
  </datafield>
  <datafield tag="245" ind1=" " ind2=" ">
    <subfield code="a">&#x179F;&#x178F;&#x17D2;&#x179C;&#x1794;&#x17D2;&#x179A;&#x17A1;&#x17B6;&#x17C6;&#x1784;&#x1780;&#x17B6;&#x179F; /</subfield>
    <subfield code="c">by Kimsun Sotheary </subfield>
  </datafield>
  <datafield tag="250" ind1=" " ind2=" ">
    <subfield code="a">&#x1785;&#x17C1;&#x1789;&#x1795;&#x17D2;&#x179F;&#x17B6;&#x1799;&#x1781;&#x17C2;&#x1792;&#x17D2;&#x1793;&#x17BC; &#x17E2;&#x17E0;&#x17E0;&#x17E7;</subfield>
  </datafield>
  <datafield tag="260" ind1=" " ind2=" ">
    <subfield code="a">&#x1797;&#x17D2;&#x1793;&#x17C6;&#x1796;&#x17C1;&#x1789; :</subfield>
    <subfield code="b">Reading Books ; </subfield>
    <subfield code="c">&#x17E2;&#x17E0;&#x17E0;&#x17E7;&#x200B; .</subfield>
  </datafield>
  <datafield tag="300" ind1=" " ind2=" ">
    <subfield code="a">20 pages : </subfield>
    <subfield code="b">color illustrations ;</subfield>
    <subfield code="c">26 cm . </subfield>
  </datafield>
  <datafield tag="490" ind1=" " ind2=" ">
    <subfield code="a">&#x1796;&#x17B7;&#x1797;&#x1796;&#x179A;&#x17BF;&#x1784;&#x1793;&#x17B7;&#x1791;&#x17B6;&#x1793;</subfield>
  </datafield>
  <datafield tag="505" ind1=" " ind2=" ">
    <subfield code="a">M 
</subfield>
  </datafield>
  <datafield tag="520" ind1=" " ind2=" ">
    <subfield code="a">&#x1780;&#x17B6;&#x179B;&#x1796;&#x17B8;&#x1796;&#x17D2;&#x179A;&#x17C1;&#x1784;&#x1793;&#x17B6;&#x1799;&#x1798;&#x17B6;&#x1793;&#x1780;&#x17D2;&#x179F;&#x178F;&#x17D2;&#x179A;&#x1798;&#x17BD;&#x1799;&#x17A2;&#x1784;&#x17D2;&#x1782;&#x1798;&#x17B6;&#x1793;&#x1798;&#x17A0;&#x17C1;&#x179F;&#x17B8;&#x1794;&#x17D2;&#x179A;&#x1780;&#x1794;&#x178A;&#x17C4;&#x1799;&#x179A;&#x17BC;&#x1794;&#x1786;&#x17C4;&#x1798;&#x179B;&#x17C4;&#x1798;&#x1796;&#x178E;&#x17CF; &#x1791;&#x17D2;&#x179A;&#x1784;&#x17CB;&#x1798;&#x17B6;&#x1793;&#x1794;&#x17BB;&#x178F;&#x17D2;&#x179A;&#x17B6;&#x1798;&#x17BD;&#x1799;&#x17A2;&#x1784;&#x17D2;&#x1782; &#x1787;&#x17B6;&#x17A2;&#x1780;&#x17BB;&#x179F;&#x179B;&#x1798;&#x17B6;&#x1793;&#x1798;&#x17B6;&#x1793;&#x179F;&#x178F;&#x17D2;&#x179C;&#x1782;&#x17D2;&#x179A;&#x17BB;&#x178C;&#x1798;&#x17BD;&#x1799;&#x1796;&#x17B6;&#x17C6;&#x1796;&#x17D2;&#x179A;&#x17C7;&#x179A;&#x17B6;&#x1787;&#x1780;&#x17BB;&#x1798;&#x17B6;&#x179A;&#x1791;&#x17C5;&#x1787;&#x17B6;&#x1798;&#x17BD;&#x1799; &#x17D4; &#x1796;&#x17D2;&#x179A;&#x17C7;&#x1794;&#x17B7;&#x178F;&#x17B6;&#x1798;&#x17B6;&#x1793;&#x1780;&#x17B6;&#x179A;&#x1797;&#x17B7;&#x178F;&#x1797;&#x17D0;&#x1799;&#x1787;&#x17B6;&#x1781;&#x17D2;&#x179B;&#x17B6;&#x17C6;&#x1784;&#x178A;&#x17C4;&#x1799;&#x1785;&#x17B6;&#x178F;&#x17CB;&#x17A2;&#x17C4;&#x1799;&#x1793;&#x17B6;&#x1784;&#x178E;&#x17B6;&#x17C6;&#x1780;&#x17D2;&#x179A;&#x17BA;&#x17C7;&#x178F;&#x17B6;&#x1798;&#x179F;&#x17D2;&#x179C;&#x17C2;&#x1784;&#x179A;&#x1780; &#x17D4; &#x1793;&#x17B6;&#x1784;&#x1794;&#x17B6;&#x1793;&#x1787;&#x17BD;&#x1794;&#x1793;&#x17BA;&#x1784;&#x1796;&#x17D2;&#x179A;&#x17C7;&#x179A;&#x17B6;&#x1787;&#x1780;&#x17BB;&#x1798;&#x17B6;&#x179A;&#x17A0;&#x17BE;&#x1799;&#x1780;&#x17CF;&#x17A0;&#x17C2;&#x179B;&#x1786;&#x17D2;&#x179B;&#x1784;&#x179F;&#x1798;&#x17BB;&#x1791;&#x17D2;&#x179A;&#x178F;&#x17D2;&#x179A;&#x179B;&#x1794;&#x17CB;&#x1798;&#x1780;&#x1796;&#x17D2;&#x179A;&#x17C7;&#x1793;&#x1782;&#x179A;&#x179C;&#x17B7;&#x1789; &#x178F;&#x17C2;&#x17A2;&#x1780;&#x17BB;&#x179F;&#x179B;&#x1796;&#x17BD;&#x1780;&#x1782;&#x17C1;&#x1794;&#x17B6;&#x1793;&#x179F;&#x17D2;&#x179B;&#x17B6;&#x1794;&#x17CB;&#x178A;&#x17C4;&#x1799;&#x179F;&#x17B6;&#x179A;&#x179B;&#x1784;&#x17CB;&#x1791;&#x17BA;&#x1780; &#x17D4;</subfield>
  </datafield>
  <datafield tag="520" ind1=" " ind2=" ">
    <subfield code="a">Once upon a time, there was a king who had a beautiful wife, and he had a son. Unfortunately, there was a gourd with a child. The father was terrified and sent her to search. She met the royal children and swam across the sea back to the kingdom, but unfortunately they died from drowning . </subfield>
  </datafield>
  <datafield tag="521" ind1="8" ind2=" ">
    <subfield code="a">550 
</subfield>
    <subfield code="b">Lexile estimate 
</subfield>
  </datafield>
  <datafield tag="521" ind1="8" ind2=" ">
    <subfield code="a">M 
</subfield>
    <subfield code="b">Raz-Plus 
</subfield>
  </datafield>
  <datafield tag="650" ind1=" " ind2=" ">
    <subfield code="a">&#x179A;&#x17B6;&#x1787;&#x1780;&#x17BB;&#x1798;&#x17B6;&#x179A;</subfield>
    <subfield code="v">&#x179A;&#x17BF;&#x1784;&#x1794;&#x17D2;&#x179A;&#x178C;&#x17B7;&#x178F;</subfield>
  </datafield>
  <datafield tag="650" ind1=" " ind2=" ">
    <subfield code="a">child</subfield>
    <subfield code="v">fiction</subfield>
  </datafield>
  <datafield tag="700" ind1=" " ind2=" ">
    <subfield code="a">RA B , Tha</subfield>
    <subfield code="e">illustrator </subfield>
  </datafield>
  <datafield tag="942" ind1=" " ind2=" ">
    <subfield code="2">ddc</subfield>
    <subfield code="c">KHB</subfield>
    <subfield code="n">0</subfield>
  </datafield>
  <datafield tag="999" ind1=" " ind2=" ">
    <subfield code="c">4475</subfield>
    <subfield code="d">4475</subfield>
  </datafield>
  <datafield tag="952" ind1=" " ind2=" ">
    <subfield code="0">0</subfield>
    <subfield code="1">0</subfield>
    <subfield code="2">ddc</subfield>
    <subfield code="4">0</subfield>
    <subfield code="7">0</subfield>
    <subfield code="8">Khmer-English Bilingual </subfield>
    <subfield code="a">002</subfield>
    <subfield code="b">002</subfield>
    <subfield code="c">TTP Khmer</subfield>
    <subfield code="d">2024-09-11</subfield>
    <subfield code="l">0</subfield>
    <subfield code="o">SOT PZ7 900</subfield>
    <subfield code="p">FIS03731</subfield>
    <subfield code="r">2024-09-11 15:02:34</subfield>
    <subfield code="t">1</subfield>
    <subfield code="w">2024-09-11</subfield>
    <subfield code="y">KHB</subfield>
  </datafield>
  <datafield tag="952" ind1=" " ind2=" ">
    <subfield code="0">0</subfield>
    <subfield code="1">0</subfield>
    <subfield code="2">ddc</subfield>
    <subfield code="4">0</subfield>
    <subfield code="7">0</subfield>
    <subfield code="8">Khmer-English Bilingual </subfield>
    <subfield code="a">002</subfield>
    <subfield code="b">002</subfield>
    <subfield code="c">TTP Khmer</subfield>
    <subfield code="d">2024-09-11</subfield>
    <subfield code="l">0</subfield>
    <subfield code="o">SOT PZ7 900</subfield>
    <subfield code="p">FIS02092</subfield>
    <subfield code="r">2024-09-11 15:03:49</subfield>
    <subfield code="t">2</subfield>
    <subfield code="w">2024-09-11</subfield>
    <subfield code="y">KHB</subfield>
  </datafield>
  <datafield tag="952" ind1=" " ind2=" ">
    <subfield code="0">0</subfield>
    <subfield code="1">0</subfield>
    <subfield code="2">ddc</subfield>
    <subfield code="4">0</subfield>
    <subfield code="7">0</subfield>
    <subfield code="8">Khmer-English Bilingual </subfield>
    <subfield code="a">002</subfield>
    <subfield code="b">002</subfield>
    <subfield code="c">TTP Khmer</subfield>
    <subfield code="d">2025-09-16</subfield>
    <subfield code="l">0</subfield>
    <subfield code="o">SOT PZ7 900</subfield>
    <subfield code="p">FIS04103</subfield>
    <subfield code="r">2025-09-16 11:44:59</subfield>
    <subfield code="t">3</subfield>
    <subfield code="w">2025-09-16</subfield>
    <subfield code="y">KHB</subfield>
  </datafield>
  <datafield tag="952" ind1=" " ind2=" ">
    <subfield code="0">0</subfield>
    <subfield code="1">0</subfield>
    <subfield code="2">ddc</subfield>
    <subfield code="4">0</subfield>
    <subfield code="7">0</subfield>
    <subfield code="8">Khmer-English Bilingual </subfield>
    <subfield code="a">002</subfield>
    <subfield code="b">002</subfield>
    <subfield code="c">TTP Khmer</subfield>
    <subfield code="d">2025-10-03</subfield>
    <subfield code="l">0</subfield>
    <subfield code="o">SOT PZ7 900</subfield>
    <subfield code="p">FIS04171</subfield>
    <subfield code="r">2025-10-03 15:42:48</subfield>
    <subfield code="t">4</subfield>
    <subfield code="w">2025-10-03</subfield>
    <subfield code="y">KHB</subfield>
  </datafield>
</record>
